La República de Honduras (Registro nro. 32118)

Detalles MARC
000 -LEADER
campo de control de longitud fija 00577nam a2200145 i 4500
001 - NÚMERO DE CONTROL
campo de control 32118
003 - IDENTIFICADOR DE NÚMERO DE CONTROL
campo de control ES-MaACL
007 - CAMPO FIJO DE DESCRIPCIÓN FÍSICA--INFORMACIÓN GENERAL
campo de control de longitud fija t|
008 - DATOS DE LONGITUD FIJA--INFORMACIÓN GENERAL
campo de control de longitud fija 030221s1903 ho ||||1| spa d
245 03 - MENCIÓN DEL TÍTULO
Título La República de Honduras
Resto del título : breve reseña para la Exposición de San Luis, Missouri, Estados Unidos de América /
Mención de responsabilidad, etc. publicación especial de la Dirección de Estadística.
260 ## - PUBLICACIÓN, DISTRIBUCIÓN, ETC.
Lugar de publicación, distribución, etc. Tegucigalpa :
Nombre del editor, distribuidor, etc. Tipografía Nacional,
Fecha de publicación, distribución, etc. 1903.
300 ## - DESCRIPCIÓN FÍSICA
Extensión 60 p. ;
Dimensiones 27 cm.
710 1# - ENTRADA AGREGADA--NOMBRE DE ENTIDAD CORPORATIVA
Nombre de entidad corporativa o nombre de jurisdicción como elemento de entrada Honduras.
Unidad subordinada Dirección de Estadística.
9 (RLIN) 4587
852 ## - LOCALIZACIÓN
Ubicación ES-MaACL
Número de control de estantería G-3332
condición física . - Encuadernado con otras obras
Existencias
Estatus retirado Estado de pérdida Estado de daño No para préstamo Biblioteca de origen Biblioteca actual Ubicación en estantería Fecha de adquisición Fuente de adquisición Total de préstamos Signatura topográfica completa Código de barras Visto por última vez Precio de reemplazo Tipo de ítem Koha
        Biblioteca del Ateneo de Madrid Biblioteca del Ateneo de Madrid Depósito 2 17/01/2008     G-3332 1033244 23/02/2023 23/02/2023 Libro impreso